[Event "Online Olym Div2 A 2020"]
[Site "chess.com INT"]
[Date "2020.08.15"]
[Round "4.3"]
[Board "3"]
[White "Ovezdurdiyeva, Jemal"]
[Black "Cuvelier, Annelies"]
[Result "1/2-1/2"]
[WhiteTitle "WFM"]
[WhiteElo "2061"]
[BlackElo "1896"]
[WhiteTeam "Turkmenistan"]
[BlackTeam "Belgium"]
[WhiteFideId "14001888"]
[BlackFideId "213950"]
[EventDate "2020.08.14"]
[EventType "team"]

1. d4 d5 2. c4 e6 3. Nc3 Be7 4. Qc2 c6 5. e3 Nf6 6. Nf3 O-O 7. b3 Re8 8. Bd3
Nbd7 9. O-O Bd6 10. Bb2 e5 11. dxe5 Nxe5 12. Nxe5 Bxe5 13. cxd5 cxd5 14. Rfd1
Bxh2+ 15. Kxh2 Ng4+ 16. Kg1 Qh4 17. Nb5 Qh2+ 18. Kf1 Qh1+ 19. Ke2 Qxg2 20. Rf1
Nxe3 21. Bxh7+ Kh8 22. Bxg7+ Kxg7 23. Qc3+ f6 24. Qc7+ Kh8 25. Be4 Bg4+ 26. Kd2
Nxf1+ 27. Rxf1 Rxe4 28. Nd6 Be6 29. Qe7 Qg5+ 30. Kc3 Rh4 31. Qxe6 Qe5+ 32. Qxe5
fxe5 33. Nf7+ Kg7 34. Nxe5 Rc8+ 35. Kd3 Re4 36. f4 Rf8 37. Rg1+ Kh6 38. Rh1+ Kg7
39. Rg1+ Kh6 40. Rh1+ Kg7 41. Rg1+ 1/2-1/2

[Event "Online Olym Div2 A 2020"]
[Site "chess.com INT"]
[Date "2020.08.15"]
[Round "4.3"]
[Board "5"]
[White "Nurmamedov, Azat"]
[Black "Huynh, Laurent"]
[Result "1/2-1/2"]
[WhiteTitle "FM"]
[WhiteElo "2382"]
[BlackElo "2227"]
[WhiteTeam "Turkmenistan"]
[BlackTeam "Belgium"]
[WhiteFideId "14003937"]
[BlackFideId "238430"]
[EventDate "2020.08.14"]
[EventType "team"]

1. Nf3 c5 2. g3 Nc6 3. Bg2 g6 4. O-O Bg7 5. c4 e6 6. Nc3 Nge7 7. b3 O-O 8. Bb2
d5 9. cxd5 exd5 10. Rc1 b6 11. Na4 d4 12. d3 Ba6 13. Nd2 Rc8 14. Ba1 Nb4 15. a3
Nbd5 16. Ne4 f5 17. Ng5 Qd7 18. Nf3 f4 19. Qd2 Bh6 20. h3 Nf5 21. g4 Nfe7 22.
Nb2 Nc3 23. Nc4 Ned5 24. Bxc3 Nxc3 25. b4 Rce8 26. Rfe1 Bxc4 27. dxc4 Qe7 28.
Kf1 Bg7 29. Qd3 Rd8 30. b5 Bf6 31. Nd2 Rfe8 32. Bf3 Kg7 33. Kg2 Qe5 34. Ra1 Rd7
35. a4 Rde7 36. a5 Qg5 37. axb6 axb6 38. Ra6 Re6 39. Ra7+ R8e7 40. Ra8 Re8 41.
Ra6 h5 42. Nf1 hxg4 43. Bxg4 Rxe2 44. Rxe2 Nxe2 45. Nd2 f3+ 46. Qxf3 Qxd2 47.
Ra7+ Re7 48. Rxe7+ Bxe7 49. Qxe2 Qxe2 50. Bxe2 Kf6 51. Bd3 Bd6 52. Kf3 g5 53.
Ke4 Ke6 54. Be2 Bf4 55. Bg4+ Kf6 56. h4 Bd2 57. h5 Be1 58. f4 gxf4 59. Kxf4 Ba5
60. Ke4 Kg7 61. Kd5 Kh6 62. Bd1 Kg5 63. Ke6 Kh6 64. Kf7 Bb4 65. Be2 Ba5 66. Ke7
Bb4 67. Kd6 Ba5 68. Kc6 Kg5 69. Bd1 Kh6 70. Be2 Kg5 71. Bd1 Kh6 72. Be2 1/2-1/2

[Event "Online Olym Div2 A 2020"]
[Site "chess.com INT"]
[Date "2020.08.15"]
[Round "4.4"]
[Board "2"]
[White "Stupak, Kirill"]
[Black "Antonio, Rogelio Jr"]
[Result "1/2-1/2"]
[WhiteTitle "GM"]
[BlackTitle "GM"]
[WhiteElo "2520"]
[BlackElo "2421"]
[WhiteTeam "Belarus"]
[BlackTeam "Philippines"]
[WhiteFideId "13503758"]
[BlackFideId "5200032"]
[EventDate "2020.08.14"]
[EventType "team"]

1. d4 Nf6 2. g3 c5 3. d5 e6 4. c4 exd5 5. cxd5 d6 6. Nc3 g6 7. Nf3 Bg7 8. Bg2
O-O 9. O-O Re8 10. Bf4 h6 11. Qc1 Kh7 12. Re1 a6 13. a4 Bg4 14. e4 Bxf3 15. Bxf3
g5 16. e5 gxf4 17. exf6 Rxe1+ 18. Qxe1 Bxf6 19. Qe4+ Kg7 20. Qxf4 Nd7 21. Qg4+
Kf8 22. Qf4 Kg7 23. Qg4+ Kf8 24. Qf4 Kg7 1/2-1/2

[Event "Online Olym Div2 A 2020"]
[Site "chess.com INT"]
[Date "2020.08.15"]
[Round "4.4"]
[Board "3"]
[White "Frayna, Janelle Mae"]
[Black "Badelka, Olga"]
[Result "1/2-1/2"]
[WhiteTitle "WGM"]
[BlackTitle "IM"]
[WhiteElo "2179"]
[BlackElo "2427"]
[WhiteTeam "Philippines"]
[BlackTeam "Belarus"]
[WhiteFideId "5212499"]
[BlackFideId "13509926"]
[EventDate "2020.08.14"]
[EventType "team"]

1. e4 c5 2. Nf3 e6 3. g3 Nc6 4. Bg2 d6 5. O-O Nf6 6. Qe2 Be7 7. d3 O-O 8. Nbd2
Rb8 9. h4 b5 10. Re1 e5 11. Nf1 Nd4 12. Qd1 b4 13. Ne3 Bd7 14. Bd2 Re8 15. Nc4
h6 16. a3 Nxf3+ 17. Bxf3 a5 18. a4 Be6 19. b3 Rf8 20. Bg2 Ne8 21. Qe2 Bxc4 22.
dxc4 Nc7 23. Bh3 Ne6 24. Bxe6 fxe6 25. Qg4 Rf6 26. Be3 Kh7 27. h5 Qe8 1/2-1/2

[Event "Online Olym Div2 A 2020"]
[Site "chess.com INT"]
[Date "2020.08.15"]
[Round "4.4"]
[Board "4"]
[White "Ziaziulkina, Nastassia"]
[Black "Galas, Bernadette"]
[Result "1/2-1/2"]
[WhiteTitle "IM"]
[BlackTitle "WIM"]
[WhiteElo "2373"]
[BlackElo "2065"]
[WhiteTeam "Belarus"]
[BlackTeam "Philippines"]
[WhiteFideId "13505211"]
[BlackFideId "5208912"]
[EventDate "2020.08.14"]
[EventType "team"]

1. e4 c5 2. Nf3 Nc6 3. d4 cxd4 4. Nxd4 Nf6 5. Nc3 e5 6. Ndb5 d6 7. Bg5 a6 8. Na3
b5 9. Nd5 Be7 10. Bxf6 Bxf6 11. c4 b4 12. Nc2 a5 13. Be2 O-O 14. O-O Rb8 15. b3
Bg5 16. Qd3 Be6 17. Bf3 Ne7 18. Nde3 Qb6 19. Rad1 Rfd8 20. g3 g6 21. Bg4 Bh6 22.
Kg2 Qc6 23. Bxe6 fxe6 24. Ng4 Bg7 25. f4 h5 26. Nge3 Qb6 27. Rd2 Nc6 28. f5 Nd4
29. fxe6 Nxe6 30. Qd5 Re8 31. Rdf2 Qb7 32. Rd1 Qxd5 33. Nxd5 Nc5 34. Re2 Rbd8
35. Nc7 Re7 36. Nb5 Red7 37. Rd5 Bf8 38. Ne1 a4 39. Nc2 axb3 40. axb3 Nxb3 41.
Nxb4 Ra8 42. Nd3 Rdd8 43. Rb2 Na5 44. Rc2 Rac8 45. Na3 Nb3 46. Rb2 Nd4 47. Ra5
Ra8 48. Rxa8 Rxa8 49. Nb5 Ra4 50. Rb4 Ra2+ 51. Rb2 Rxb2+ 52. Nxb2 Nc6 53. Kf3
Kf7 54. Nd1 Na5 55. Ne3 Nb7 56. Ke2 Bh6 57. Nd5 Bc1 58. Kf3 Bh6 59. Nb6 Bd2 60.
Nd5 Bh6 61. Nb6 Bd2 62. Nd5 Bh6 1/2-1/2

[Event "Online Olym Div2 A 2020"]
[Site "chess.com INT"]
[Date "2020.08.15"]
[Round "5.2"]
[Board "3"]
[White "Badelka, Olga"]
[Black "Sukandar, Irine Kharisma"]
[Result "1/2-1/2"]
[WhiteTitle "IM"]
[BlackTitle "IM"]
[WhiteElo "2427"]
[BlackElo "2413"]
[WhiteTeam "Belarus"]
[BlackTeam "Indonesia"]
[WhiteFideId "13509926"]
[BlackFideId "7101937"]
[EventDate "2020.08.14"]
[EventType "team"]

1. c4 c5 2. Nf3 Nf6 3. d4 cxd4 4. Nxd4 Nc6 5. Nc3 g6 6. e4 Nxd4 7. Qxd4 d6 8.
Be2 Bg7 9. Be3 O-O 10. Qd2 a5 11. O-O a4 12. f3 Qa5 13. Rac1 Be6 14. Nd5 Qxd2
15. Bxd2 Bxd5 16. cxd5 Nd7 17. Bc3 Nc5 18. Bxg7 Kxg7 19. Rc3 b6 20. Bb5 f5 21.
exf5 Rxf5 22. Bc6 Rb8 23. Re1 Kf8 24. Rce3 Rf7 25. b4 axb3 26. axb3 Na6 27. Bd7
Nc5 28. Bb5 Rb7 29. b4 Nd7 30. Ra3 Rf4 31. Bc6 Rc7 32. Ra8+ Kf7 33. b5 Rb4 34.
Rd8 Ne5 35. Ra1 h5 36. Rb8 Nxc6 37. bxc6 Rd4 38. Rb7 Rc8 39. Raa7 Rxd5 40. Rxe7+
Kf6 41. Rf7+ Kg5 42. c7 Rc5 43. g3 h4 44. Kg2 Rc2+ 45. Kh3 hxg3 46. Kxg3 b5 47.
Rb7 Rc5 48. h3 Kh6 49. h4 b4 50. Rxb4 R5xc7 51. Rxc7 Rxc7 52. Rd4 1/2-1/2

[Event "Online Olym Div2 A 2020"]
[Site "chess.com INT"]
[Date "2020.08.15"]
[Round "5.3"]
[Board "2"]
[White "Laylo, Darwin"]
[Black "Lenaerts, Lennert"]
[Result "1/2-1/2"]
[WhiteTitle "GM"]
[BlackTitle "FM"]
[WhiteElo "2434"]
[BlackElo "2357"]
[WhiteTeam "Philippines"]
[BlackTeam "Belgium"]
[WhiteFideId "5201330"]
[BlackFideId "211435"]
[EventDate "2020.08.14"]
[EventType "team"]

1. d4 d5 2. c4 c6 3. Nf3 Nf6 4. e3 Bg4 5. Nc3 e6 6. Qb3 Qb6 7. Ne5 Bf5 8. c5 Qc7
9. Be2 h6 10. Bd2 Nbd7 11. f4 Bh7 12. O-O Be7 13. Qd1 Ne4 14. Bh5 O-O 15. Nxe4
Bxe4 16. b4 b6 17. Bf3 Bxf3 18. Rxf3 Nxe5 19. fxe5 bxc5 20. bxc5 f6 21. exf6
Bxf6 22. Bc3 e5 1/2-1/2

[Event "Online Olym Div2 A 2020"]
[Site "chess.com INT"]
[Date "2020.08.15"]
[Round "5.4"]
[Board "3"]
[White "Ryjanova, Julia"]
[Black "Ovezdurdiyeva, Jemal"]
[Result "1/2-1/2"]
[WhiteTitle "WGM"]
[BlackTitle "WFM"]
[WhiteElo "2299"]
[BlackElo "2061"]
[WhiteTeam "Australia"]
[BlackTeam "Turkmenistan"]
[WhiteFideId "4127714"]
[BlackFideId "14001888"]
[EventDate "2020.08.14"]
[EventType "team"]

1. d4 Nf6 2. c4 g6 3. Nf3 Bg7 4. g3 d6 5. Bg2 O-O 6. O-O Nc6 7. Nc3 e5 8. dxe5
dxe5 9. Bg5 Qe8 10. Rc1 h6 11. Be3 Qd8 12. h3 Be6 13. Qa4 Qe7 14. Rfd1 Rfd8 15.
a3 Qe8 16. Nd2 Nd4 17. Qxe8+ Nxe8 18. b4 Rab8 19. Kf1 Nd6 20. Bxd4 exd4 21. Nce4
b6 22. Nxd6 Rxd6 23. Ne4 Rdd8 24. c5 f5 25. Nd2 d3 26. exd3 Rxd3 27. Nf3 Rxa3
28. cxb6 cxb6 29. Nd4 Bxd4 30. Rxd4 Re8 31. Kg1 Kf7 32. Rc7+ Re7 33. Rc6 Ra1+
34. Kh2 Ra2 35. Kg1 Kg7 36. Rcd6 Bf7 37. Rd2 Rxd2 38. Rxd2 Kf6 39. Rd6+ Be6 40.
Bf1 Rc7 41. Kg2 Ke5 42. Rd8 Bd5+ 43. Kh2 Be4 44. Bg2 Rc4 45. Rd7 a6 46. Re7+ Kf6
47. Ra7 Rxb4 48. Rxa6 Rb2 49. Bxe4 fxe4 50. Kg1 Ke5 51. Ra8 b5 52. Rb8 b4 53.
Kf1 b3 54. Rb4 Kd5 55. Rb6 Rb1+ 56. Kg2 b2 57. g4 Ke5 58. Rb8 Kf4 59. Rf8+ Kg5
60. Rb8 Kf4 61. Rf8+ Ke5 62. Rb8 Kd4 63. Rd8+ Kc3 64. Rc8+ Kd3 65. Rb8 Kd2 66.
Rb6 Ke1 67. Rb4 Kd2 68. Rb6 h5 69. gxh5 gxh5 70. Rb8 Ke2 71. Rb3 Kd1 72. Rb8 Kd2
73. Rb7 Kd3 74. Rb8 Kd4 75. Rd8+ Ke5 76. Rb8 Kd5 77. Rd8+ Kc5 78. Rb8 Kd6 79.
Rb3 Kc6 80. Rb8 Kc7 81. Rb3 Kd6 82. Rb8 Ke5 83. Re8+ Kf4 84. Rf8+ Kg5 85. Rb8
Kh4 86. Rb4 Kg5 87. Rb5+ Kf6 88. Rb8 h4 89. Rb5 Ke6 90. Rb8 Kd5 91. Rd8+ Kc5 92.
Rc8+ Kd4 93. Rb8 Kd3 94. Rb7 Kc3 95. Rc7+ Kd2 96. Rb7 Ke1 97. Rb4 Kd1 98. Rb8
Kd2 99. Rb7 Ke2 100. Rb3 Kd2 101. Rb8 Kd3 102. Rb7 Kd2 103. Rb8 Ke2 104. Rb3 Rd1
105. Rxb2+ Rd2 106. Rb3 Ke1 107. Rb1+ Rd1 108. Rb4 e3 109. fxe3 Ke2 110. e4 Rd7
111. e5 Rg7+ 112. Rg4 Re7 113. Rg5 Ke3 114. Rh5 Rg7+ 115. Kh2 Kf4 116. Rxh4+
Kxe5 117. Rg4 Rxg4 118. hxg4 Kf4 119. Kh3 Kg5 120. Kg3 Kg6 121. Kf4 Kf6 122. g5+
Kg6 123. Kg4 Kg7 124. Kf5 Kf7 125. g6+ Kg7 126. Kg5 Kg8 127. Kh6 Kh8 128. g7+
Kg8 129. Kg6 1/2-1/2

[Event "Online Olym Div2 A 2020"]
[Site "chess.com INT"]
[Date "2020.08.15"]
[Round "5.4"]
[Board "4"]
[White "Hallaeva, Bahar"]
[Black "Nguyen, Thu Giang"]
[Result "1/2-1/2"]
[WhiteTitle "WFM"]
[BlackTitle "WFM"]
[WhiteElo "2166"]
[BlackElo "2119"]
[WhiteTeam "Turkmenistan"]
[BlackTeam "Australia"]
[WhiteFideId "14000679"]
[BlackFideId "12400980"]
[EventDate "2020.08.14"]
[EventType "team"]

1. e4 Nf6 2. e5 Nd5 3. c4 Nb6 4. c5 Nd5 5. d4 e6 6. Nf3 d6 7. cxd6 cxd6 8. a3
Nc6 9. Bd3 Qb6 10. O-O Bd7 11. Be4 Nc7 12. Nc3 Na5 13. exd6 Bxd6 14. b4 Nc6 15.
Na4 Qb5 16. Nc5 Bxc5 17. Bd3 Bxd4 18. Bxb5 Bxa1 19. Bf4 Nxb5 20. Qxa1 O-O 21. a4
Nxb4 22. axb5 Nd5 23. Bd6 Rfc8 24. Qb2 f6 25. h3 Rc4 26. Nd2 Rc3 27. Ne4 Rc4 28.
Nd2 Rc3 29. Ne4 Rc4 30. Nc5 Bc8 31. Qe2 Rd4 32. Nb3 Nc3 33. Nxd4 Nxe2+ 34. Nxe2
Bd7 35. Rb1 e5 36. Bc5 Kf7 37. Ng3 f5 38. f3 g6 39. Ra1 a6 40. bxa6 bxa6 41. Bb6
Bb5 42. Bc7 Kf6 43. Re1 Re8 44. Kf2 h5 45. h4 Bd3 46. Rd1 e4 47. fxe4 fxe4 48.
Ke3 Rc8 49. Ba5 Rc2 50. Rd2 Rc4 51. Ne2 Kf5 52. Nf4 Kg4 53. Nxg6 Ra4 54. Bd8 a5
55. Ne5+ Kg3 56. Bg5 Bb1 57. Be7 1/2-1/2

[Event "Online Olym Div2 A 2020"]
[Site "chess.com INT"]
[Date "2020.08.15"]
[Round "6.2"]
[Board "1"]
[White "Atabayev, Yusup"]
[Black "Delchev, Aleksander"]
[Result "1/2-1/2"]
[WhiteTitle "IM"]
[BlackTitle "GM"]
[WhiteElo "2415"]
[BlackElo "2550"]
[WhiteTeam "Turkmenistan"]
[BlackTeam "Bulgaria"]
[WhiteFideId "14001128"]
[BlackFideId "2900394"]
[EventDate "2020.08.14"]
[EventType "team"]

1. e4 e5 2. Nf3 Nc6 3. d4 exd4 4. Bc4 Nf6 5. e5 d5 6. Bb5 Ne4 7. Nxd4 Bc5 8. Be3
O-O 9. Nxc6 bxc6 10. Bxc5 Nxc5 11. Bxc6 Rb8 12. Qxd5 Qe7 13. O-O Ba6 14. Re1
Rfd8 15. Qf3 Rxb2 16. Qc3 Rb6 17. Bf3 Na4 18. Qa3 Qxa3 19. Nxa3 Kf8 20. Re3 Rd2
21. h3 Ke7 22. Rb3 c5 23. Rd1 Rxd1+ 24. Bxd1 c4 25. Rxb6 axb6 26. Nb1 c3 27. f4
Bc4 28. Kf2 Bxa2 29. Na3 Bd5 30. g3 f6 31. exf6+ Kxf6 32. Ke3 Bc6 33. Be2 g5 34.
fxg5+ Kxg5 35. h4+ Kf6 36. Kd4 h6 37. Nb1 Bd7 38. Nxc3 Nxc3 39. Kxc3 Ke5 40. Kb4
Bc6 41. Bd3 Bd7 42. c3 Bc6 43. g4 Kf4 44. g5 hxg5 45. h5 Ke5 46. h6 Kf6 47. h7
Kg7 48. Bf5 Be8 49. Kc4 Bc6 50. Kd4 Bf3 51. Ke5 Be2 52. Be4 Bg4 53. Bd3 Bd7 54.
Kd6 Be8 55. Bf5 Kh8 56. Kc7 b5 57. Kd6 Kg7 58. Ke5 Bc6 59. Bd3 Bd7 60. Be4 g4
61. Kf4 Kh8 62. Bd3 Kg7 63. Be4 Kh8 64. Kg5 Kg7 65. Kh5 g3 66. Kh4 Bf5 67. Bg2
Bxh7 68. Kxg3 Kf6 69. Kf4 Ke6 70. Ke3 Kd6 71. Kd4 Bf5 72. Bf1 Bd7 1/2-1/2

[Event "Online Olym Div2 A 2020"]
[Site "chess.com INT"]
[Date "2020.08.15"]
[Round "6.3"]
[Board "3"]
[White "Frayna, Janelle Mae"]
[Black "Zhang, Jilin"]
[Result "1/2-1/2"]
[WhiteTitle "WGM"]
[BlackTitle "WGM"]
[WhiteElo "2179"]
[BlackElo "2245"]
[WhiteTeam "Philippines"]
[BlackTeam "Australia"]
[WhiteFideId "5212499"]
[BlackFideId "8602867"]
[EventDate "2020.08.14"]
[EventType "team"]

1. e4 c5 2. Nf3 d6 3. Bb5+ Bd7 4. Bxd7+ Qxd7 5. c4 Nc6 6. d4 cxd4 7. Nxd4 g6 8.
Nf3 Bg7 9. Nd4 Nxd4 10. O-O Nc6 11. f4 Nf6 12. Nc3 O-O 13. f5 Rac8 14. Be3 Qd8
15. g4 Ne5 16. g5 Nfd7 17. Bd4 Rxc4 18. Kh1 b5 19. b3 Rxd4 20. Qxd4 gxf5 21.
exf5 Qa8+ 22. Qd5 Ng4 23. Qxa8 Rxa8 24. Rac1 Ne3 25. Rf3 Bxc3 26. Rxc3 Nd5 27.
Rc1 Nc5 28. h4 a5 29. h5 Nb4 30. g6 hxg6 31. fxg6 fxg6 32. Rg1 Nd5 33. Rxg6+ Kh8
34. Rh6+ Kg7 35. Rg6+ Kh8 36. Rh6+ Kg7 37. Rg6+ Kh8 1/2-1/2

[Event "Online Olym Div2 A 2020"]
[Site "chess.com INT"]
[Date "2020.08.15"]
[Round "6.3"]
[Board "5"]
[White "Quizon, Daniel"]
[Black "Kuybokarov, Temur"]
[Result "1/2-1/2"]
[WhiteTitle "IM"]
[BlackTitle "GM"]
[WhiteElo "2319"]
[BlackElo "2530"]
[WhiteTeam "Philippines"]
[BlackTeam "Australia"]
[WhiteFideId "5217911"]
[BlackFideId "14203049"]
[EventDate "2020.08.14"]
[EventType "team"]

1. e4 e5 2. Nf3 Nc6 3. Bb5 a6 4. Ba4 d6 5. d3 Nf6 6. c3 Be7 7. O-O O-O 8. h3 b5
9. Bc2 Re8 10. Nbd2 Bf8 11. Re1 Ne7 12. Nf1 Ng6 13. Ng3 c5 14. a4 Rb8 15. axb5
axb5 16. d4 h6 17. Be3 Qc7 18. d5 b4 19. c4 Bd7 20. b3 Ra8 21. Qc1 Ra5 22. Rxa5
Qxa5 23. Qd2 Ra8 24. Rb1 Ra6 25. Qc1 Qa3 26. Qd2 Qa5 27. Qc1 Ne7 28. Nh4 g5 29.
Nhf5 Nxf5 30. exf5 Ne8 31. Qd1 Qd8 32. Ra1 Qa8 33. Rxa6 Qxa6 34. Qc1 Be7 35. Ne4
f6 36. g4 Kg7 37. Kg2 Qa2 38. Qb1 Qxb1 39. Bxb1 h5 40. f3 h4 41. Kf2 Kf8 42. Ke2
Kg7 43. Kf2 Kf8 44. Ke2 Kg7 45. Kf2 1/2-1/2

[Event "Online Olym Div2 A 2020"]
[Site "chess.com INT"]
[Date "2020.08.15"]
[Round "6.4"]
[Board "1"]
[White "Megaranto, Susanto"]
[Black "Michiels, Bart"]
[Result "1/2-1/2"]
[WhiteTitle "GM"]
[BlackTitle "GM"]
[WhiteElo "2550"]
[BlackElo "2567"]
[WhiteTeam "Indonesia"]
[BlackTeam "Belgium"]
[WhiteFideId "7101384"]
[BlackFideId "202967"]
[EventDate "2020.08.14"]
[EventType "team"]

1. d4 d5 2. Nf3 e6 3. c4 Nf6 4. cxd5 exd5 5. Nc3 c6 6. Bg5 Bf5 7. e3 Nbd7 8. Bd3
Bxd3 9. Qxd3 Be7 10. O-O O-O 11. Bxf6 Nxf6 12. Rab1 a5 13. Qc2 Ne8 14. a3 Nd6
15. Ne5 Bf6 16. Nd3 Re8 17. Nc5 Qe7 18. b3 h5 19. h3 g6 20. a4 Kg7 21. Qd1 Bg5
22. Re1 Qc7 23. b4 axb4 24. Rxb4 b6 25. Nd3 Nc4 26. Rb1 Be7 27. Re2 Bd6 28. e4
dxe4 29. Nxe4 Rad8 30. Ne1 Bf4 31. Nf3 Ne5 32. Rb3 c5 33. d5 c4 34. Rc3 Nd3 35.
Qa1 Kh6 36. d6 Bxd6 37. Qa2 Rc8 38. Nxd6 Qxd6 39. Rxe8 Rxe8 40. Qd2+ 1/2-1/2

[Event "Online Olym Div2 A 2020"]
[Site "chess.com INT"]
[Date "2020.08.15"]
[Round "6.4"]
[Board "5"]
[White "Tarigan, Gilbert Elroy"]
[Black "Huynh, Laurent"]
[Result "1/2-1/2"]
[WhiteTitle "IM"]
[WhiteElo "2149"]
[BlackElo "2227"]
[WhiteTeam "Indonesia"]
[BlackTeam "Belgium"]
[WhiteFideId "7108133"]
[BlackFideId "238430"]
[EventDate "2020.08.14"]
[EventType "team"]

1. d4 Nf6 2. Nf3 e6 3. c4 c5 4. g3 cxd4 5. Nxd4 Nc6 6. Bg2 Bc5 7. Nb3 Be7 8. Nc3
O-O 9. O-O a6 10. Bf4 d6 11. Rc1 e5 12. Bg5 Be6 13. Bxf6 Bxf6 14. Nd5 Bg5 15. e3
Bh6 16. c5 Kh8 17. Nb6 Rb8 18. Qxd6 Qg5 19. Qd1 Rbd8 20. Qe2 Bg4 21. Bf3 Bf5 22.
Rfd1 e4 23. Rxd8 Rxd8 24. Bg2 Bg4 25. Qc4 f5 26. Qe6 Qh5 27. Nc4 Re8 28. Qd5 Nb4
29. Qxb7 Nd3 30. Nd6 Nxc1 31. Nxc1 Bf3 32. Qd5 Rf8 33. c6 Bxg2 34. Kxg2 Bxe3 35.
fxe3 Qf3+ 36. Kg1 Qxe3+ 37. Kg2 Qf3+ 38. Kg1 Qe3+ 39. Kg2 Qf3+ 40. Kg1 Qe3+ 1/2-1/2

[Event "Online Olym Div2 A 2020"]
[Site "chess.com INT"]
[Date "2020.08.15"]
[Round "6.4"]
[Board "6"]
[White "De Rycke, Tyani"]
[Black "Fisabilillah, Ummi"]
[Result "1/2-1/2"]
[BlackTitle "WIM"]
[WhiteElo "1924"]
[BlackElo "2159"]
[WhiteTeam "Belgium"]
[BlackTeam "Indonesia"]
[WhiteFideId "247936"]
[BlackFideId "7104804"]
[EventDate "2020.08.14"]
[EventType "team"]

1. e4 e6 2. d4 d5 3. exd5 exd5 4. Nf3 Bd6 5. Bd3 Bg4 6. O-O Nc6 7. c3 Nge7 8.
Bg5 f6 9. Bh4 Qd7 10. Nbd2 O-O-O 11. a4 Kb8 12. a5 h5 13. Bg3 h4 14. Bxd6 Qxd6
15. b4 Nc8 16. b5 N6e7 17. Qb3 g5 18. c4 dxc4 19. Nxc4 Qd5 20. Be2 h3 21. g3 Nd6
22. Ncd2 Qxb3 23. Nxb3 Nxb5 24. Rfe1 Nc3 25. Bc4 Nc6 26. Re3 Nd5 27. Bxd5 Rxd5
28. Rae1 Rhd8 29. Nfd2 Nxd4 30. Nxd4 Rxd4 31. Ne4 Rf8 32. Nxf6 Rxf6 33. f3 Bc8
34. Re8 Rxf3 35. Rg8 Rd2 36. a6 b6 37. g4 Rg2+ 38. Kh1 Rff2 39. Rxc8+ Kxc8 40.
Re8+ Kd7 41. Re7+ Kd6 42. Re6+ Kc5 43. Re5+ Kc6 44. Re6+ Kb5 45. Re5+ Kxa6 46.
Ra5+ Kb7 47. Rxa7+ Kb8 48. Rb7+ Kc8 49. Rxc7+ Kd8 50. Rd7+ Ke8 51. Re7+ Kf8 52.
Rf7+ Kg8 53. Rg7+ Kh8 54. Rg8+ Kh7 55. Rg7+ Kh6 56. Rg6+ Kh7 57. Rg7+ Kh8 58.
Rg8+ Kh7 59. Rg7+ 1/2-1/2

[Event "Online Olym Div2 A 2020"]
[Site "chess.com INT"]
[Date "2020.08.15"]
[Round "6.5"]
[Board "1"]
[White "Wagner, Dennis"]
[Black "Kovalev, Vladislav"]
[Result "1/2-1/2"]
[WhiteTitle "GM"]
[BlackTitle "GM"]
[WhiteElo "2581"]
[BlackElo "2648"]
[WhiteTeam "Germany"]
[BlackTeam "Belarus"]
[WhiteFideId "24650684"]
[BlackFideId "13504398"]
[EventDate "2020.08.14"]
[EventType "team"]

1. d4 Nf6 2. c4 e6 3. Nc3 Bb4 4. Qc2 b6 5. e4 c5 6. d5 Qe7 7. Ne2 exd5 8. exd5
d6 9. Bf4 Ne4 10. f3 Nxc3 11. bxc3 Ba5 12. Kf2 Nd7 13. Ng3 Ne5 14. Re1 Bd7 15.
Ne4 f6 16. h4 O-O 17. Re3 Rae8 18. h5 f5 19. Nd2 Qf6 20. Nb3 g5 21. hxg6 Nxg6
22. Rxe8 Rxe8 23. Bd2 f4 24. Nxa5 bxa5 25. Bd3 Qg5 26. Kf1 Nh4 27. Bxh7+ Kf8 28.
Bc1 Nxg2 29. Be4 Ne3+ 30. Bxe3 fxe3 31. Qh2 Ke7 32. Qh4 Rg8 33. Ke2 Qxh4 34.
Rxh4 Rg2+ 35. Kxe3 Rxa2 36. Rh7+ Kd8 37. Rh8+ Ke7 38. Rh7+ Kd8 39. Rh8+ Ke7 40.
Rh7+ 1/2-1/2

[Event "Online Olym Div2 A 2020"]
[Site "chess.com INT"]
[Date "2020.08.16"]
[Round "7.3"]
[Board "1"]
[White "Smirnov, Anton"]
[Black "Megaranto, Susanto"]
[Result "1/2-1/2"]
[WhiteTitle "GM"]
[BlackTitle "GM"]
[WhiteElo "2597"]
[BlackElo "2550"]
[WhiteTeam "Australia"]
[BlackTeam "Indonesia"]
[WhiteFideId "3208923"]
[BlackFideId "7101384"]
[EventDate "2020.08.14"]
[EventType "team"]

1. d4 Nf6 2. c4 e6 3. Nf3 Bb4+ 4. Nbd2 b6 5. a3 Bxd2+ 6. Qxd2 a5 7. b3 Bb7 8. e3
d6 9. Be2 Nbd7 10. Bb2 O-O 11. O-O Ne4 12. Qc2 f5 13. Ne1 Qh4 14. f3 Ng5 15. d5
Rae8 16. Rd1 e5 17. f4 Ne4 18. Bf3 exf4 19. exf4 Qxf4 20. Nd3 Qh4 21. g3 Qh6 22.
Bc1 Qf6 23. Bb2 Qh6 24. Bc1 Qf6 25. Nf4 Ndc5 26. Bb2 Qh6 27. b4 axb4 28. axb4
Nd7 29. Rde1 Ne5 30. Bxe4 fxe4 31. Bxe5 Rxe5 32. Rxe4 Bc8 33. Qe2 Bg4 34. Qe1
Rfe8 35. Rxe5 dxe5 36. Ng2 Bh3 37. Rf2 Bxg2 38. Kxg2 e4 39. Qe2 e3 40. Rf3 Qg5
41. h4 Qe5 42. Rf4 b5 43. cxb5 Qxd5+ 44. Kh2 h6 45. Rf1 Qe4 46. Rf4 Qe5 47. Rf3
Kh8 48. Kg2 Qe4 49. Kf1 Kh7 50. h5 Re5 51. Kg1 Qxf3 52. Qxf3 e2 53. Qd3+ Kh8 54.
Qd8+ Kh7 55. Qd3+ Kh8 56. Qd8+ Kh7 57. Qd3+ 1/2-1/2

[Event "Online Olym Div2 A 2020"]
[Site "chess.com INT"]
[Date "2020.08.16"]
[Round "7.3"]
[Board "5"]
[White "Kuybokarov, Temur"]
[Black "Arfan, Aditya Bagus"]
[Result "1/2-1/2"]
[WhiteTitle "GM"]
[BlackTitle "CM"]
[WhiteElo "2530"]
[BlackElo "2274"]
[WhiteTeam "Australia"]
[BlackTeam "Indonesia"]
[WhiteFideId "14203049"]
[BlackFideId "7106041"]
[EventDate "2020.08.14"]
[EventType "team"]

1. d4 Nf6 2. Nf3 g6 3. Bf4 Bg7 4. e3 O-O 5. Be2 d6 6. h3 Nfd7 7. Nc3 e5 8. Bg5
f6 9. Bh4 g5 10. Bg3 Nc6 11. Qd2 Nb6 12. Rd1 Qe7 13. d5 Nd8 14. e4 Nf7 15. Nh2
f5 16. exf5 Bxf5 17. Bg4 Nc4 18. Qc1 Bxg4 19. Nxg4 e4 20. O-O h5 21. Ne3 Nxe3
22. Qxe3 Rae8 23. Qxa7 Bxc3 24. bxc3 b6 25. Qa6 Nh6 26. Qe2 Qf7 27. c4 Nf5 28.
Bh2 Qg6 29. c5 bxc5 30. c3 e3 31. fxe3 Rxe3 32. Qc2 Ree8 33. Rde1 Rxe1 34. Rxe1
Rf6 35. Re4 Kh7 36. Qe2 Ng7 37. Bg3 Rf5 38. a4 h4 39. Be1 Rxd5 40. a5 c4 41.
Rxc4 Rxa5 42. Rxc7 Re5 43. Qd1 Qe4 44. Bf2 Kg6 45. Qxd6+ Re6 46. Qd7 Qe5 47.
Qd3+ Nf5 48. Rc5 Qe4 49. Qd8 Re8 50. Qd7 Re6 51. Qd2 Qb1+ 52. Kh2 Qb8+ 53. Kh1
Qb1+ 54. Kh2 Qb8+ 55. Kg1 Qb1+ 56. Kh2 1/2-1/2